<?xml version="1.0" encoding="UTF-8"?>
<marc:record xmlns:marc="http://www.loc.gov/MARC21/slim" type="Bibliographic">
   <marc:leader>00000njm a2200000 cc4500</marc:leader>
   <marc:controlfield tag="001">357915992</marc:controlfield>
   <marc:controlfield tag="003">DE-101</marc:controlfield>
   <marc:controlfield tag="005">20171202074249.0</marc:controlfield>
   <marc:controlfield tag="007">s|||||||||||||</marc:controlfield>
   <marc:controlfield tag="008">010718s2000    gw ||||| |||||||||||ger  </marc:controlfield>
   <marc:datafield ind1=" " ind2=" " tag="015">
      <marc:subfield code="a">01,T10,0364</marc:subfield>
      <marc:subfield code="2">dnb</marc:subfield>
   </marc:datafield>
   <marc:datafield ind1="7" ind2=" " tag="016">
      <marc:subfield code="2">DE-101</marc:subfield>
      <marc:subfield code="a">357915992</marc:subfield>
   </marc:datafield>
   <marc:datafield ind1=" " ind2=" " tag="020">
      <marc:subfield code="a">9783932703720</marc:subfield>
      <marc:subfield code="9">978-3-932703-72-0</marc:subfield>
   </marc:datafield>
   <marc:datafield ind1=" " ind2=" " tag="020">
      <marc:subfield code="a">3932703723</marc:subfield>
      <marc:subfield code="9">3-932703-72-3</marc:subfield>
   </marc:datafield>
   <marc:datafield ind1="3" ind2=" " tag="024">
      <marc:subfield code="a">4028618000720</marc:subfield>
   </marc:datafield>
   <marc:datafield ind1="7" ind2=" " tag="024">
      <marc:subfield code="2">urn</marc:subfield>
      <marc:subfield code="a">urn:nbn:de:101:1-201205029213</marc:subfield>
   </marc:datafield>
   <marc:datafield ind1="3" ind2="2" tag="028">
      <marc:subfield code="b">Sternschnuppe (LC 02014)</marc:subfield>
   </marc:datafield>
   <marc:datafield ind1=" " ind2=" " tag="035">
      <marc:subfield code="a">(DE-599)DNB357915992</marc:subfield>
   </marc:datafield>
   <marc:datafield ind1=" " ind2=" " tag="035">
      <marc:subfield code="a">(OCoLC)1183633430</marc:subfield>
   </marc:datafield>
   <marc:datafield ind1=" " ind2=" " tag="035">
      <marc:subfield code="a">(OCoLC)725613272</marc:subfield>
   </marc:datafield>
   <marc:datafield ind1=" " ind2=" " tag="040">
      <marc:subfield code="a">1300</marc:subfield>
      <marc:subfield code="b">ger</marc:subfield>
      <marc:subfield code="c">DE-101</marc:subfield>
      <marc:subfield code="d">9999</marc:subfield>
   </marc:datafield>
   <marc:datafield ind1=" " ind2=" " tag="041">
      <marc:subfield code="a">ger</marc:subfield>
   </marc:datafield>
   <marc:datafield ind1=" " ind2=" " tag="044">
      <marc:subfield code="c">XA-DE</marc:subfield>
   </marc:datafield>
   <marc:datafield ind1="7" ind2="4" tag="082">
      <marc:subfield code="a">08c</marc:subfield>
      <marc:subfield code="q">DE-101</marc:subfield>
      <marc:subfield code="2">22sdnb</marc:subfield>
   </marc:datafield>
   <marc:datafield ind1="0" ind2="0" tag="245">
      <marc:subfield code="a">Nina nana</marc:subfield>
      <marc:subfield code="n">1. Reise.</marc:subfield>
   </marc:datafield>
   <marc:datafield ind1=" " ind2="1" tag="264">
      <marc:subfield code="a">Ottenhofen</marc:subfield>
      <marc:subfield code="b">&#x98;Margit&#x9c; Sarholz, &#x98;Werner &#x9c;Meier</marc:subfield>
      <marc:subfield code="c">[2000]</marc:subfield>
   </marc:datafield>
   <marc:datafield ind1=" " ind2=" " tag="300">
      <marc:subfield code="a">1 Compact Disc</marc:subfield>
      <marc:subfield code="e">Beih.</marc:subfield>
   </marc:datafield>
   <marc:datafield ind1=" " ind2=" " tag="336">
      <marc:subfield code="a">aufgeführte Musik</marc:subfield>
      <marc:subfield code="b">prm</marc:subfield>
      <marc:subfield code="2">rdacontent</marc:subfield>
   </marc:datafield>
   <marc:datafield ind1=" " ind2=" " tag="337">
      <marc:subfield code="a">audio</marc:subfield>
      <marc:subfield code="b">s</marc:subfield>
      <marc:subfield code="2">rdamedia</marc:subfield>
   </marc:datafield>
   <marc:datafield ind1=" " ind2=" " tag="338">
      <marc:subfield code="a">Audiodisk</marc:subfield>
      <marc:subfield code="b">sd</marc:subfield>
      <marc:subfield code="2">rdacarrier</marc:subfield>
   </marc:datafield>
   <marc:datafield ind1="1" ind2=" " tag="490">
      <marc:subfield code="a">Schlaflieder aus aller Welt</marc:subfield>
      <marc:subfield code="v">1</marc:subfield>
   </marc:datafield>
   <marc:datafield ind1=" " ind2=" " tag="500">
      <marc:subfield code="a">Interpr. u.a.: P 2000.</marc:subfield>
   </marc:datafield>
   <marc:datafield ind1="8" ind2=" " tag="505">
      <marc:subfield code="a">Toy contento (Ich bin so glücklich). Tou riga to paidi (Auch das Königskind muss schlafen). Bajki z popielnika (Märchen aus dem Kamin). Fais dodo, Colas, mon petit frère (Schlaf, Nico). Dandini das dana (Da, da, die Kühe). Sov du lilla videung (Schlaf, kleines Weidekätzchen). Volegui nnem (Lass dein Herz ruhen). Golelale (Die Tulpe). Guten Abend, gut' Nacht.</marc:subfield>
   </marc:datafield>
   <marc:datafield ind1="0" ind2=" " tag="511">
      <marc:subfield code="a">Liemann, Jaime [Git Gsg]. Wolf, Robert [Git]. Noah, Antoine [Git Gsg]. Martial, Bernadette [Gsg]. Meier, Werner [Git]. Sandhofen, Ingo [Git].</marc:subfield>
   </marc:datafield>
   <marc:datafield ind1="1" ind2=" " tag="583">
      <marc:subfield code="a">Archivierung/Langzeitarchivierung gewährleistet</marc:subfield>
      <marc:subfield code="5">DE-101</marc:subfield>
      <marc:subfield code="2">pdager</marc:subfield>
   </marc:datafield>
   <marc:datafield ind1=" " ind2="7" tag="655">
      <marc:subfield code="0">(DE-588)4522869-3</marc:subfield>
      <marc:subfield code="0">https://d-nb.info/gnd/4522869-3</marc:subfield>
      <marc:subfield code="0">(DE-101)955174880</marc:subfield>
      <marc:subfield code="a">CD</marc:subfield>
      <marc:subfield code="2">gnd-carrier</marc:subfield>
   </marc:datafield>
   <marc:datafield ind1="1" ind2=" " tag="700">
      <marc:subfield code="0">(DE-588)135227410</marc:subfield>
      <marc:subfield code="0">https://d-nb.info/gnd/135227410</marc:subfield>
      <marc:subfield code="0">(DE-101)135227410</marc:subfield>
      <marc:subfield code="a">Liemann, Jaime</marc:subfield>
      <marc:subfield code="e">Instrumentalmusiker</marc:subfield>
      <marc:subfield code="4">itr</marc:subfield>
      <marc:subfield code="2">gnd</marc:subfield>
   </marc:datafield>
   <marc:datafield ind1="1" ind2=" " tag="700">
      <marc:subfield code="0">(DE-588)13517225X</marc:subfield>
      <marc:subfield code="0">https://d-nb.info/gnd/13517225X</marc:subfield>
      <marc:subfield code="0">(DE-101)13517225X</marc:subfield>
      <marc:subfield code="a">Wolf, Robert</marc:subfield>
      <marc:subfield code="d">1957-2015</marc:subfield>
      <marc:subfield code="e">Instrumentalmusiker</marc:subfield>
      <marc:subfield code="4">itr</marc:subfield>
      <marc:subfield code="2">gnd</marc:subfield>
   </marc:datafield>
   <marc:datafield ind1="1" ind2=" " tag="700">
      <marc:subfield code="0">(DE-588)135215358</marc:subfield>
      <marc:subfield code="0">https://d-nb.info/gnd/135215358</marc:subfield>
      <marc:subfield code="0">(DE-101)135215358</marc:subfield>
      <marc:subfield code="a">Noah, Antoine</marc:subfield>
      <marc:subfield code="e">Instrumentalmusiker</marc:subfield>
      <marc:subfield code="4">itr</marc:subfield>
      <marc:subfield code="2">gnd</marc:subfield>
   </marc:datafield>
   <marc:datafield ind1="1" ind2=" " tag="700">
      <marc:subfield code="0">(DE-588)135227437</marc:subfield>
      <marc:subfield code="0">https://d-nb.info/gnd/135227437</marc:subfield>
      <marc:subfield code="0">(DE-101)135227437</marc:subfield>
      <marc:subfield code="a">Martial, Bernadette</marc:subfield>
      <marc:subfield code="e">Sänger</marc:subfield>
      <marc:subfield code="4">sng</marc:subfield>
      <marc:subfield code="2">gnd</marc:subfield>
   </marc:datafield>
   <marc:datafield ind1="1" ind2=" " tag="700">
      <marc:subfield code="0">(DE-588)121721558</marc:subfield>
      <marc:subfield code="0">https://d-nb.info/gnd/121721558</marc:subfield>
      <marc:subfield code="0">(DE-101)121721558</marc:subfield>
      <marc:subfield code="a">Meier, Werner</marc:subfield>
      <marc:subfield code="d">1953-</marc:subfield>
      <marc:subfield code="e">Instrumentalmusiker</marc:subfield>
      <marc:subfield code="4">itr</marc:subfield>
      <marc:subfield code="2">gnd</marc:subfield>
   </marc:datafield>
   <marc:datafield ind1="1" ind2=" " tag="700">
      <marc:subfield code="0">(DE-588)135227429</marc:subfield>
      <marc:subfield code="0">https://d-nb.info/gnd/135227429</marc:subfield>
      <marc:subfield code="0">(DE-101)135227429</marc:subfield>
      <marc:subfield code="a">Sandhofen, Ingo</marc:subfield>
      <marc:subfield code="e">Instrumentalmusiker</marc:subfield>
      <marc:subfield code="4">itr</marc:subfield>
      <marc:subfield code="2">gnd</marc:subfield>
   </marc:datafield>
   <marc:datafield ind1="2" ind2=" " tag="710">
      <marc:subfield code="0">(DE-588)10305892-8</marc:subfield>
      <marc:subfield code="0">https://d-nb.info/gnd/10305892-8</marc:subfield>
      <marc:subfield code="0">(DE-101)320316718</marc:subfield>
      <marc:subfield code="a">Sternschnuppe</marc:subfield>
      <marc:subfield code="g">Ottenhofen, Erding</marc:subfield>
      <marc:subfield code="e">Ausführender</marc:subfield>
      <marc:subfield code="4">prf</marc:subfield>
      <marc:subfield code="2">gnd</marc:subfield>
   </marc:datafield>
   <marc:datafield ind1="0" ind2="8" tag="773">
      <marc:subfield code="q">001</marc:subfield>
      <marc:subfield code="w">(DE-101)357915933</marc:subfield>
   </marc:datafield>
   <marc:datafield ind1=" " ind2=" " tag="850">
      <marc:subfield code="a">DE-101a</marc:subfield>
      <marc:subfield code="a">DE-101b</marc:subfield>
   </marc:datafield>
   <marc:datafield ind1="4" ind2="0" tag="856">
      <marc:subfield code="u">https://nbn-resolving.org/urn:nbn:de:101:1-201205029213</marc:subfield>
      <marc:subfield code="x">Resolving-System</marc:subfield>
   </marc:datafield>
   <marc:datafield ind1="r" ind2=" " tag="925">
      <marc:subfield code="a">rt</marc:subfield>
   </marc:datafield>
   <marc:datafield ind1="d" ind2=" " tag="925">
      <marc:subfield code="a">m001</marc:subfield>
   </marc:datafield>
</marc:record>
